Sports Quiz

Random Sports or NFL Quiz

Multiple NFL Super Bowl Winners Quiz Stats

 Plays Quiz Updated Jan 19, 2017

Challenge
Share
Tweet
Embed
Score 0/12 Timer 02:00
9 Plays Today
% Correct
49ers
94.2%
Cowboys
94.1%
Patriots
93.8%
Packers
93.3%
Steelers
90.9%
Giants
90.4%
Broncos
88.3%
Raiders
77.6%
Colts
72.2%
Redskins
70.9%
Ravens
70.8%
Dolphins
68.7%

You're not logged in!

Compare scores with friends on all Sporcle quizzes.
OR
Log In

You Might Also Like...

Show Comments

Extras

Top Quizzes Today


Score Distribution

Your Account Isn't Verified!

In order to create a playlist on Sporcle, you need to verify the email address you used during registration. Go to your Sporcle Settings to finish the process.

Report this User

Report this user for behavior that violates our Community Guidelines.

Details: